000 00390nam a2200145Ia 4500
008 230917s9999||||xx |||||||||||||| ||und||
040 _e123722
_aMAIN
041 _aEnglish
082 _a647.94 D642P
100 _aDixit, Saurabh
245 0 _aPromises and perils in hospitality and tourism management
260 _aNew Delhi
_bAman Publications
_c2006
300 _a438 p.
942 _cBK
999 _c145695
_d145695